| 000 | 00573nam a2200145Ia 4500 | ||
|---|---|---|---|
| 008 | 100122s9999 xx 000 0 und d | ||
| 082 |
_b66601 _a371.425 |
||
| 100 | _aघोष जयंती | ||
| 245 | _aव्यवसाय मार्गदर्शक (क.क्र.8/3 ) | ||
| 260 |
_bमेहता पब्लिकेशन हाऊस _c2002 |
||
| 300 | _a507 | ||
| 630 | _aव्यवसाय मार्गदर्शक (क.क्र.8/3 ) | ||
| 730 | _aव्यवसाय मार्गदर्शक (क.क्र.8/3 ) | ||
| 942 | _cBOOK | ||
| 999 |
_c439074 _d439071 |
||